000 00941 a2200241 4500
003 dpl0
005 20180724140512.0
008 080827t xxu||||| |||| 00| 0 eng d
010 _aB-275094-122
020 _a8180545199
_c240.00
035 _aB-275094-122,B-275098
040 _adpl
_bEnglish
_c0
082 _a658
100 _aBhushan, Y.K.
245 _aFundamentals of business organisation & management /
_cby Y.K. Bhushan
250 _a18th rev. ed.
260 _aNew Delhi
_bSultan Chand and Sons
_c2008(repr.).
270 _a23, Darya Ganj,
_bNew Delhi
_cDelhi
_e110002
_k23266105
_l23266357
300 _axxi, 852, xivp.
_c24 cm (Pbk)
942 _adpl
_cEN
_2ddc
_mBHU
_h658
999 _c15147
_d15147